Una historia del exilio español en Uruguay (1814-1978) / (Record no. 178524)

MARC details
000 -LEADER
campo de control de longitud fija 00968nam a22002775i 4500
001 - NÚMERO DE CONTROL
campo de control 178524
003 - IDENTIFICADOR DE NÚMERO DE CONTROL
campo de control ES-MaACL
005 - FECHA Y HORA DE LA ÚLTIMA TRANSACCIÓN
campo de control 20240510063147.0
008 - DATOS DE LONGITUD FIJA--INFORMACIÓN GENERAL
campo de control de longitud fija 110606s2009 sp |||| | spa d
020 ## - NÚMERO INTERNACIONAL ESTÁNDAR DEL LIBRO
Número Internacional Estándar del Libro 978-84-7731-450-9
080 ## - NÚMERO DE LA CLASIFICACIÓN DECIMAL UNIVERSAL
Número de la Clasificación Decimal Universal 929-054.7(=1.460:899)
100 1# - ENTRADA PRINCIPAL--NOMBRE DE PERSONA
Nombre de persona Romero Largo, Luis.
9 (RLIN) 146949
245 14 - MENCIÓN DEL TÍTULO
Título Una historia del exilio español en Uruguay (1814-1978) /
Mención de responsabilidad, etc. Luis Romero Largo, Manuel Suárez González, Rogelio Martínez Barreiro.
260 ## - PUBLICACIÓN, DISTRIBUCIÓN, ETC.
Lugar de publicación, distribución, etc. Madrid :
Nombre del editor, distribuidor, etc. Endymion,
Fecha de publicación, distribución, etc. D. L. 2009.
300 ## - DESCRIPCIÓN FÍSICA
Extensión 626 p. ;
Dimensiones 21 cm.
490 1# - MENCIÓN DE SERIE
Mención de serie Ensayos (Ediciones Endymion) ;
Designación de volumen o secuencia 150
500 ## - NOTA GENERAL
Nota general Índice.
504 ## - NOTA DE BIBLIOGRAFÍA, ETC.
Nota de bibliografía, etc. Bibliografía: p. 591-599.
650 #4 - PUNTO DE ACCESO ADICIONAL DE MATERIA--TÉRMINO DE MATERIA
Término de materia o nombre geográfico como elemento de entrada Exiliados españoles-
Subdivisión geográfica Uruguay.
9 (RLIN) 146952
700 1# - ENTRADA AGREGADA--NOMBRE PERSONAL
Nombre de persona Suárez González, Manuel.
9 (RLIN) 146950
700 1# - ENTRADA AGREGADA--NOMBRE PERSONAL
Nombre de persona Martínez Barreiro, Rogelio.
9 (RLIN) 146951
830 0# - PUNTO DE ACCESO ADICIONAL DE SERIE-TÍTULO UNIFORME
Título uniforme Ensayos (Ediciones Endymion) ;
Designación de volumen o secuencia 150
9 (RLIN) 176614
852 ## - LOCALIZACIÓN
Ubicación ES-MaACL
Número de control de estantería E-15280
942 ## - ELEMENTOS DE ENTRADA SECUNDARIOS (KOHA)
Fuente del sistema de clasificación o colocación Clasificación decimal universal
Holdings
Estatus retirado Estado de pérdida Estado de daño No para préstamo Biblioteca de origen Biblioteca actual Ubicación en estantería Fecha de adquisición Fuente de adquisición Total de préstamos Signatura topográfica completa Código de barras Visto por última vez Precio de reemplazo Tipo de ítem Koha
        Biblioteca del Ateneo de Madrid Biblioteca del Ateneo de Madrid Depósito 2 06/06/2011     E-15280 1187527 23/02/2023 23/02/2023 Libro impreso